[Event "Schleswig-Holstein-ch Young Seniors"]
[Site "Buesum"]
[Date "2010.03.29"]
[Round "3"]
[White "Jarchow, Andreas"]
[Black "Gerks, Joachim"]
[Result "1-0"]
[WhiteElo "1794"]
[BlackElo "1784"]
[PlyCount "75"]
[EventDate "2010.03.27"]
[EventType "swiss"]
[EventRounds "9"]
[EventCountry "GER"]
[SourceTitle "EXT 2023"]
[Source "ChessBase"]
[SourceDate "2022.10.05"]
[SourceVersion "1"]
[SourceVersionDate "2022.10.05"]
[SourceQuality "1"]

1. d4 Nf6 2. f4 g6 3. Nf3 Bg7 4. c4 0-0 5. Nc3 d5 6. cxd5 Nxd5 7. e4 Nxc3 8. bxc3 c5 9. e5 cxd4 10. cxd4 e6 11. Be3 Bd7 12. Be2 Bc6 13. 0-0 Nd7 14. Nd2 Nb6 15. g3 Nd5 16. Qb3 Qb6 17. Bf2 Qxb3 18. axb3 Rfd8 19. Nc4 Bb5 20. Bf3 Bf8 21. Rfd1 Bb4 22. Rac1 Bc6 23. Kg2 h5 24. Ne3 Nxe3+ 25. Bxe3 Bxf3+ 26. Kxf3 Rac8 27. Rc4 a5 28. Rdc1 Rb8 29. Ke4 Kf8 30. h3 Rd7 31. g4 hxg4 32. hxg4 Kg7 33. f5 exf5+ 34. gxf5 gxf5+ 35. Kxf5 Rg8 36. Bg5 Be7 37. Bf6+ Bxf6 38. exf6+ 1-0

[Event "GER Seniors Derby 08th"]
[Site "Wesel Undeloh"]
[Date "2009.04.17"]
[Round "3.2"]
[White "Jarchow, Andreas"]
[Black "Dittmar, Hans Joachim"]
[Result "0-1"]
[WhiteElo "1786"]
[BlackElo "2056"]
[PlyCount "72"]
[EventDate "2009.04.16"]
[EventType "swiss"]
[EventRounds "7"]
[EventCountry "GER"]
[SourceTitle "EXT 2022"]
[Source "ChessBase"]
[SourceDate "2021.10.06"]
[SourceVersion "1"]
[SourceVersionDate "2021.10.06"]
[SourceQuality "1"]

1. d4 Nf6 2. f4 d5 3. Nf3 Bf5 4. e3 e6 5. a3 Be7 6. b4 a5 7. b5 0-0 8. Nbd2 Nbd7 9. c4 c6 10. c5 cxb5 11. Bxb5 Ng4 12. Qe2 Nb8 13. Bb2 Nc6 14. 0-0 Nf6 15. h3 Rc8 16. g4 Bg6 17. Ne5 Nxe5 18. fxe5 Ne4 19. Nxe4 Bxe4 20. Bc3 Bg5 21. Qd2 Bh6 22. Rae1 b6 23. cxb6 Qh4 24. Kh2 Qe7 25. Qb2 Qb7 26. Rg1 Bg5 27. Ba4 Rc4 28. Bb3 Rc6 29. Bxa5 Rfc8 30. Kg3 Qe7 31. b7 Qxb7 32. Bb4 Be7 33. Rc1 Bxb4 34. axb4 Qxb4 35. Rxc6 Rxc6 36. Qa2 Rc3 0-1

[Event "Pinneberg-ch"]
[Site "Pinneberg"]
[Date "2008.10.02"]
[Round "6"]
[White "Bongartz, Florian"]
[Black "Jarchow, Andreas"]
[Result "1-0"]
[WhiteElo "1644"]
[BlackElo "1770"]
[PlyCount "109"]
[EventDate "2008.08.28"]
[EventType "swiss"]
[EventRounds "7"]
[EventCountry "GER"]
[SourceTitle "EXT 2011"]
[Source "ChessBase"]
[SourceDate "2010.11.26"]
[SourceVersion "1"]
[SourceVersionDate "2010.11.26"]
[SourceQuality "1"]

1. f4 c5 2. Nf3 Nc6 3. e3 d5 4. Be2 g6 5. 0-0 Bg7 6. d3 Nf6 7. Qe1 0-0 8. a4 b6 9. Bd2 Bb7 10. Na3 Nd7 11. Rb1 a5 12. c4 d4 13. e4 f5 14. e5 Na7 15. Ng5 Re8 16. Ne6 Qc8 17. Nxg7 Kxg7 18. h4 Rb8 19. Qg3 Nf8 20. Kf2 Qe6 21. Nc2 Nc6 22. Ne1 Nd8 23. Nf3 Nf7 24. h5 Kh8 25. Rh1 h6 26. hxg6 Qxg6 27. Qh3 e6 28. Nh4 Qg7 29. Bh5 Re7 30. Rhg1 Bc6 31. b3 Be8 32. g4 Qh7 33. gxf5 Nxe5 34. Bxe8 Nxd3+ 35. Qxd3 Rbxe8 36. Ng6+ Nxg6 37. fxg6 Qg7 38. Qe4 Rf8 39. Ke2 Rf5 40. Rbf1 Kg8 41. Kd3 Qf8 42. g7 Qf7 43. Qh1 Rh5 44. Qc6 Qf5+ 45. Ke2 Rh2+ 46. Rf2 Qh5+ 47. Ke1 Rxf2 48. Kxf2 d3 49. Qa8+ Qe8 50. Qxe8+ Rxe8 51. Ke3 Re7 52. Kxd3 Rxg7 53. Rxg7+ Kxg7 54. Ke4 h5 55. Be1 1-0

[Event "Pinneberg-ch"]
[Site "Pinneberg"]
[Date "2008.09.11"]
[Round "3"]
[White "Hotze, Kurt"]
[Black "Jarchow, Andreas"]
[Result "0-1"]
[WhiteElo "1604"]
[BlackElo "1770"]
[PlyCount "101"]
[EventDate "2008.08.28"]
[EventType "swiss"]
[EventRounds "7"]
[EventCountry "GER"]
[SourceTitle "EXT 2011"]
[Source "ChessBase"]
[SourceDate "2010.11.26"]
[SourceVersion "1"]
[SourceVersionDate "2010.11.26"]
[SourceQuality "1"]

1. e4 c5 2. Nf3 Nc6 3. d4 cxd4 4. Nxd4 e5 5. Nb5 d6 6. a4 a6 7. N5c3 Nf6 8. Bg5 Be7 9. Bxf6 Bxf6 10. Nd5 0-0 11. Bc4 Be6 12. Nbc3 Nd4 13. Nxf6+ Qxf6 14. Nd5 Qh4 15. Qd3 Rac8 16. 0-0 Bxd5 17. Bxd5 Rxc2 18. Rae1 Qe7 19. f4 Kh8 20. fxe5 dxe5 21. Qh3 Ne2+ 22. Kh1 Nd4 23. Re3 f6 24. Qh5 g6 25. Qh4 Rxb2 26. Rg3 Qg7 27. Qh3 Ne2 28. Rg4 Nf4 29. Qc3 Nxd5 30. exd5 Ra2 31. Qc5 Rb2 32. Rc4 f5 33. d6 Rd2 34. Qb4 Rd4 35. Rfc1 b5 36. Rxd4 exd4 37. d7 Rd8 38. axb5 axb5 39. Qxb5 Qxd7 40. Qxd7 Rxd7 41. Rd1 Kg7 42. Kg1 Kf6 43. Kf1 Ke5 44. Ke1 Ke4 45. Kf2 Ra7 46. Re1+ Kd5 47. Ke2 Ra2+ 48. Kd3 Rxg2 49. Re8 Kd6 50. h4 Rg3+ 51. Kc4 0-1

[Event "Schleswig Holstein-ch B 62nd"]
[Site "Itzehoe"]
[Date "2007.04.05"]
[Round "8"]
[White "Nowack, Achim"]
[Black "Jarchow, Andreas"]
[Result "1-0"]
[WhiteElo "1713"]
[BlackElo "1769"]
[PlyCount "85"]
[EventDate "2007.03.31"]
[EventType "swiss"]
[EventRounds "9"]
[EventCountry "GER"]
[SourceTitle "EXT 2010"]
[Source "ChessBase"]
[SourceDate "2010.11.25"]
[SourceVersion "1"]
[SourceVersionDate "2010.11.25"]
[SourceQuality "1"]

1. e4 c5 2. Nc3 e5 3. Nf3 Nc6 4. Bc4 d6 5. a3 a6 6. Nd5 b5 7. Be2 Nf6 8. Nxf6+ Qxf6 9. c3 Be7 10. d3 Qg6 11. Be3 f5 12. Nxe5 Qxg2 13. Bf3 Qh3 14. Nxc6 Bh4 15. Bh5+ Kd7 16. Qf3 Qxf3 17. Bxf3 Re8 18. Na5 Rb8 19. 0-0-0 Bd8 20. Nb3 Bb7 21. Rhg1 g6 22. Bxc5 dxc5 23. Nxc5+ Kc7 24. Nxb7 Rxb7 25. exf5 Rb6 26. fxg6 hxg6 27. Be4 g5 28. Rg4 Rh6 29. Rg2 Reh8 30. Rh1 Kb6 31. Bf5 Bc7 32. h3 Bf4+ 33. Kc2 Rf6 34. Bg4 a5 35. Re1 Rhh6 36. f3 Rc6 37. Re4 Bd6 38. Rge2 b4 39. axb4 axb4 40. c4 Rh7 41. Re6 Rg7 42. Kb3 Rgc7 43. d4 1-0

[Event "Schleswig Holstein-ch B 62nd"]
[Site "Itzehoe"]
[Date "2007.04.04"]
[Round "7"]
[White "Jarchow, Andreas"]
[Black "Meinert, Jens"]
[Result "1/2-1/2"]
[WhiteElo "1769"]
[BlackElo "1681"]
[PlyCount "89"]
[EventDate "2007.03.31"]
[EventType "swiss"]
[EventRounds "9"]
[EventCountry "GER"]
[SourceTitle "EXT 2010"]
[Source "ChessBase"]
[SourceDate "2010.11.25"]
[SourceVersion "1"]
[SourceVersionDate "2010.11.25"]
[SourceQuality "1"]

1. d4 d5 2. f4 Nf6 3. Nf3 e6 4. a3 c5 5. e3 Nc6 6. c3 Ne4 7. Bd3 Bd6 8. 0-0 0-0 9. Nbd2 f5 10. Qe1 Bd7 11. Bc2 cxd4 12. Nxd4 Nxd4 13. exd4 Rc8 14. Bd3 Rf6 15. Nf3 Bc6 16. Be3 Rh6 17. Rc1 Nf6 18. Rc2 Ne4 19. Bc1 Qe8 20. g3 Rg6 21. Rg2 Bb5 22. Qe2 Bxd3 23. Qxd3 Rc7 24. Re1 a6 25. Ne5 h6 26. Nf3 b5 27. Nd2 Qc6 28. Nxe4 fxe4 29. Qe2 Qd7 30. Bd2 a5 31. Rf1 Rb7 32. b4 a4 33. Rgf2 Rb8 34. Kg2 Rf8 35. Kh1 Kh7 36. Qh5 Rgf6 37. g4 Qf7 38. Qh3 Kg8 39. Qe3 Qc7 40. h3 Qf7 41. Kh2 h5 42. g5 Rf5 43. Qe2 Qe8 44. h4 g6 45. Kg3 1/2-1/2